| 000 | 01200nam a2200337 i 4500 | ||
|---|---|---|---|
| 001 | 63847 | ||
| 003 | ES-MaACL | ||
| 005 | 20250818131135.0 | ||
| 007 | t| | ||
| 008 | 031217s1971 sp f 001 0cspa d | ||
| 080 | _a929 Guevara, Ernesto | ||
| 080 | _a929 Mussolini, Benito | ||
| 080 | _a945"1922/45" | ||
| 080 | _a929 Tshombe, Moisés | ||
| 080 | _a967.5 | ||
| 245 | 0 | 0 | _aFiguras singulares de nuestro tiempo. |
| 260 |
_a[Madrid : _bCírculo de Amigos de la Historia, _c1971] |
||
| 300 |
_a3 v., lám. ; _c18 cm. |
||
| 505 | 0 | _a1. Che Guevara: ¿aventura o revolución? / Horacio Daniel Rodríguez - 2. Mussolini / Christopher Hibbert - 3. Tshombe / Pierre de Vos | |
| 600 | 1 | 4 |
_aGuevara, Ernesto. _960607 |
| 600 | 1 | 4 |
_aMussolini, Benito, _d1883-1945- _xBiografías _984706 |
| 600 | 1 | 4 |
_aTshombe, Moïse. _9111606 |
| 651 | 4 |
_aItalia- _xHistoria- _z1922-1945. _98871 |
|
| 651 |
_aCongo (República Democrática)- _xHistoria- _y1960-1965, Guerra civil. _98079 |
||
| 700 | 1 |
_aRodríguez, Horacio Daniel. _998249 |
|
| 700 | 1 |
_aHibbert, Christopher. _963542 |
|
| 700 | 1 |
_aVos, Pierre de. _9115744 |
|
| 700 | 2 |
_a _9241848 |
|
| 852 |
_aES-MaACL _jP-1897 |
||
| 999 |
_c63847 _d63847 |
||